MLB Ballparks - Map Quiz - Statistics

General Stats
  • This quiz has been taken 108 times
  • The average score is 18 of 26
Answers on the Map
Answers color-coded by a green-red scale on the quiz's map according to % correct below.
 
Answer Stats
Answer % Correct
Angel Stadium | Dodger Stadium
88%
Wrigley Field | Guaranteed Rate Field
84%
Fenway Park
81%
Oakland Coliseum | Oracle Park
79%
Coors Field
76%
Citi Field | Yankee Stadium
75%
Minute Maid Park
75%
Tropicana Field
75%
Petco Park
73%
Rogers Centre
71%
Target Field
71%
Busch Stadium
69%
Oriole Park
69%
PNC Park
69%
Nationals Park
67%
Comerica Park
65%
Chase Field
64%
Truist Park
64%
Great American Ball Park
63%
T-Mobile Park
63%
American Family Field
61%
Citizens Bank Park
60%
Globe Life Field
60%
Progressive Field
59%
Kauffman Stadium
57%
loanDepot park
55%
No matching quizzes found
Score Distribution
Percent of People with Each Score
Percentile by Number Answered
Your Score History
You have not taken this quiz